Las Deportaciones continúan en ascenso
Sparad:
| Materialtyp: | Text |
|---|---|
| Ämnen: | |
| Taggar: |
Lägg till en tagg
Inga taggar, Lägg till första taggen!
|
MARC
| LEADER | 00000 a a2200000 04500 | ||
|---|---|---|---|
| 001 | 6717 | ||
| 003 | |||
| 040 | |||
| 245 | |a Las Deportaciones continúan en ascenso | ||
| 650 | |a INMIGRACION ILEGAL | ||
| 650 | |a EMIGRANTES | ||
| 650 | |a POLITICA MIGRATORIA | ||
| 773 | |g volumen 25, número 1215; páginas 13-14 | ||
| 999 | |c 26571 |d 26571 | ||
